000 00627nam a2200241Ia 4500
003 OSt
005 20220918183450.0
006 a|||||r|||| 00| 0
007 ta
008 220917b |||||||| |||| 00| 0 eng d
024 _a38,327
037 _cTextual
040 _aARTS
_cARTS
_beng
041 _2eng
_aeng
082 _aO142,3M68x, [M0]
100 _aGorky Maxim
_941007
245 0 _aTales of Italy
260 _aMoscow
_bForeign Languages Pub
_c1980
300 _a291p.
_ccm.
650 _aENGLISH LITERATURE
942 _hO142,3M68x, [M0]
_cTEXL
_2CC
999 _c172781
_d172781